| 000 | 00000nas 2200000za 4500 |
| 001 | 9.812061 |
| 003 | CaOODSP |
| 005 | 20221107141230 |
| 007 | cr ||||||||||| |
| 008 | 160229d19761991oncar p oss f000#a0eng|d |
| 022 | |y0706-3652 |
| 040 | |aCaOODSP|beng |
| 041 | |aeng|afre |
| 043 | |an-cn--- |
| 086 | 1 |aCS81-204-PDF |
| 245 | 00|aUniversities, enrolment and degrees |h[electronic resource] / |cStatistics Canada, Education, Science and Culture Division, Post-secondary Education Section = Universités, inscriptions et grades décernés / Statistique Canada, Division de l'éducation, des sciences et de la culture, Section de l'enseignement postsecondaire. |
| 246 | 11|aUniversités, inscriptions et grades décernés |
| 260 | |aOttawa : |bStatistics Canada, |c1978-1994. |
| 310 | |aAnnual |
| 362 | 0 |a1976-1991. |
| 500 | |aDigitized edition from print [produced by Statistics Canada]. |
| 546 | |aText in English and French. |
| 580 | |aMerger of: Fall enrolment in universities; and, Degrees, diplomas and certificates awarded by universities. |
| 580 | |aMerged with: Financial statistics of education; Elementary-secondary school enrolment; Tuition and living accommodation costs at Canadian universities; Advance statistics of education; Teachers in universities; Educational staff of community colleges and vocational schools; Minority and second language education, elementary and secondary levels; Salaries and salary scales of full-time teaching staff at Canadian universities (Supplementary); Salaries and salary scales of full-time teaching staff at Canadian universities (Preliminary; Salaries and salary scales of full-time teaching staff at Canadian universities (Final); Community colleges and related institutions, postsecondary enrolment and graduates; University finance, trend analysis; Education statistics bulletin; to become: Education quarterly review, ISSN 1195- 2261. |
| 692 | 07|2gccst|aPostsecondary education |
| 710 | 1 |aCanada.|bStatistics Canada.|bPost-secondary Education Section. |
| 780 | 00|tFall enrolment in universities |w(CaOODSP)9.812058 |
| 780 | 00|tDegrees, diplomas and certificates awarded by universities |w(CaOODSP)9.862765 |
| 792 | |tUniversities, enrolment and degrees |efre|w(CaOODSP)9.812062 |